La invención de lo cotidiano
Αποθηκεύτηκε σε:
| Κύριος συγγραφέας: | |
|---|---|
| Μορφή: | Βιβλίο |
| Γλώσσα: | Ισπανικά |
| Έκδοση: |
Ciudad de México
Universidad Iberoamericana
2007
Ciudad de México Instituto Tecnológico y de Estudios Superiores de Occidente 2007 |
| Έκδοση: | 1a. ed |
| Σειρά: | Colección el Oficio de la Historia
|
| Θέματα: | |
| Ετικέτες: |
Προσθήκη ετικέτας
Δεν υπάρχουν, Καταχωρήστε ετικέτα πρώτοι!
|
MARC
| LEADER | 00000nam a2200000 a 4500 | ||
|---|---|---|---|
| 001 | UCG3893 | ||
| 003 | CL-VaPUC | ||
| 008 | 100923e20070000mx |||||||||||||||||spa|d | ||
| 020 | |a 9688592536 | ||
| 082 | 0 | 4 | |a 909.828 |b CER |2 21 |
| 100 | 0 | |a Certeau, Michel de |e author |9 324794 | |
| 245 | 1 | 3 | |a La invención de lo cotidiano |
| 250 | |a 1a. ed | ||
| 300 | |a v | ||
| 942 | |c BK | ||
| 945 | |d 20100923 00:00:00 |a mfarfan | ||
| 260 | |a Ciudad de México |b Universidad Iberoamericana |c 2007 | ||
| 260 | |a Ciudad de México |b Instituto Tecnológico y de Estudios Superiores de Occidente |c 2007 | ||
| 500 | |a v.1: Artes de hacer | ||
| 500 | |a v.2: Habitar, cocinar | ||
| 650 | 0 | |a Historia social |9 313638 | |
| 650 | 0 | |a Cultura popular |9 307504 | |
| 650 | 0 | |a Economía |9 255568 | |
| 583 | |a last modification |c 20171220 03:27:20 |k Rodrigo Vera | ||
| 490 | 0 | |a Colección el Oficio de la Historia | |
| 999 | |c 342847 |d 342845 | ||
| 952 | |0 0 |1 0 |4 0 |6 909_828000000000000_CER_2007_2007 |7 0 |8 R |9 439448 |a BIBARQ |b BIBARQ |d 2019-11-22 |h v.1 |i 4779770 |l 2 |o 909.828 CER 2007 2007 |p 4779770 |r 2025-01-20 |s 2023-03-17 |w 2019-11-22 |y BK_R |k ARQ | ||